[Event "Irwin/Haring/Denker/Barber/Rockefeller Championships 2021"]
[Site "Crowne Plaza Cherry Hill, United States"]
[Date "????.??.??"]
[Round "4.6"]
[White "Ehsani, Yassamin"]
[Black "Yan, Ruiyang"]
[Result "0-1"]
[TimeControl "G/90;+30"]
[WhiteTitle "WFM"]
[BlackTitle "WCM"]
[WhiteElo "2112"]
[BlackElo "2245"]

1. d4 {[%clk 01:30:57]} {[%emt 00:00:31]} Nf6 {[%clk 01:30:47]} {[%emt
00:00:04]} 2. c4 {[%clk 01:31:23]} e6 {[%clk 01:31:13]} 3. Nc3 {[%clk
01:31:50]} {[%emt 00:00:04]} Bb4 {[%clk 01:31:38]} 4. f3 {[%clk 01:32:16]} O-O
{[%clk 01:31:58]} {[%emt 00:00:07]} 5. a3 {[%clk 01:32:22]} {[%emt 00:00:35]}
Bxc3+ {[%clk 01:32:23]} 6. bxc3 {[%clk 01:32:46]} {[%emt 00:00:03]} Nh5 {[%clk
01:32:48]} {[%emt 00:00:26]} 7. Nh3 {[%clk 01:31:38]} {[%emt 00:01:17]} f5
{[%clk 01:33:08]} {[%emt 00:00:10]} 8. e3 {[%clk 01:27:11]} {[%emt 00:05:23]}
d6 {[%clk 01:31:32]} {[%emt 00:01:38]} 9. Be2 {[%clk 01:25:17]} {[%emt
00:02:24]} c5 {[%clk 01:24:13]} {[%emt 00:08:00]} 10. O-O {[%clk 01:22:59]}
{[%emt 00:02:54]} Nc6 {[%clk 01:19:51]} {[%emt 00:04:38]} 11. Nf2 {[%clk
01:01:27]} {[%emt 00:22:15]} b6 {[%clk 01:09:08]} {[%emt 00:11:06]} 12. g4
{[%clk 00:38:10]} {[%emt 00:23:40]} Nf6 {[%clk 01:03:26]} {[%emt 00:06:09]} 13.
Qc2 {[%clk 00:30:51]} {[%emt 00:07:49]} Ne8 {[%clk 00:56:15]} {[%emt 00:08:01]}
14. Bd2 {[%clk 00:25:44]} {[%emt 00:05:28]} Ba6 {[%clk 00:51:33]} {[%emt
00:05:20]} 15. Bd3 {[%clk 00:22:11]} {[%emt 00:03:45]} Na5 {[%clk 00:46:41]}
{[%emt 00:05:33]} 16. d5 {[%clk 00:20:22]} {[%emt 00:02:11]} Bxc4 {[%clk
00:39:34]} {[%emt 00:08:11]} 17. dxe6 {[%clk 00:19:17]} {[%emt 00:01:10]} Bxe6
{[%clk 00:37:32]} {[%emt 00:02:49]} 18. c4 {[%clk 00:18:10]} {[%emt 00:01:25]}
fxg4 {[%clk 00:20:43]} {[%emt 00:17:05]} 19. fxg4 {[%clk 00:14:05]} {[%emt
00:04:45]} Qh4 {[%clk 00:18:14]} {[%emt 00:02:51]} 20. Be4 {[%clk 00:11:57]}
{[%emt 00:02:54]} Rb8 {[%clk 00:16:19]} {[%emt 00:02:09]} 21. Bxa5 {[%clk
00:08:06]} {[%emt 00:04:18]} bxa5 {[%clk 00:16:42]} {[%emt 00:00:07]} 22. Rad1
{[%clk 00:08:01]} {[%emt 00:00:44]} Nf6 {[%clk 00:13:48]} {[%emt 00:03:35]} 23.
Bf5 {[%clk 00:05:51]} {[%emt 00:02:17]} Rbe8 {[%clk 00:12:07]} {[%emt
00:02:12]} 24. Rxd6 {[%clk 00:05:37]} {[%emt 00:01:23]} Nxg4 {[%clk 00:11:39]}
{[%emt 00:00:18]} 25. Bxg4 {[%clk 00:01:56]} {[%emt 00:04:11]} Bxg4 {[%clk
00:12:02]} {[%emt 00:00:12]} 0-1

[Event "Irwin/Haring/Denker/Barber/Rockefeller Championships 2021"]
[Site "Crowne Plaza Cherry Hill, United States"]
[Date "????.??.??"]
[Round "4.7"]
[White "Chasin, Nico Werner"]
[Black "Luo, Terry"]
[Result "1/2-1/2"]
[TimeControl "G/90;+30"]
[WhiteTitle "FM"]
[WhiteElo "2411"]
[BlackElo "2232"]

1. d4 {[%clk 01:29:05]} {[%emt 00:02:00]} Nf6 {[%clk 01:30:55]} {[%emt
00:00:03]} 2. c4 {[%clk 01:29:31]} {[%emt 00:00:10]} g6 {[%clk 01:31:22]} 3.
Nc3 {[%clk 01:29:57]} {[%emt 00:00:17]} Bg7 {[%clk 01:31:49]} 4. e4 {[%clk
01:30:19]} d6 {[%clk 01:32:17]} 5. Be2 {[%clk 01:30:44]} O-O {[%clk 01:32:43]}
{[%emt 00:00:23]} 6. Be3 {[%clk 01:31:08]} c5 {[%clk 01:33:11]} 7. d5 {[%clk
01:31:25]} {[%emt 00:00:06]} e6 {[%clk 01:33:37]} {[%emt 00:00:21]} 8. Nf3
{[%clk 01:31:49]} exd5 {[%clk 01:34:05]} 9. cxd5 {[%clk 01:32:11]} Bg4 {[%clk
01:34:29]} {[%emt 00:00:08]} 10. Nd2 {[%clk 01:32:36]} {[%emt 00:00:25]} Bxe2
{[%clk 01:34:55]} 11. Qxe2 {[%clk 01:32:56]} Re8 {[%clk 01:33:19]} {[%emt
00:02:05]} 12. O-O {[%clk 01:32:24]} {[%emt 00:00:56]} Na6 {[%clk 01:33:43]}
{[%emt 00:00:47]} 13. Rfe1 {[%clk 01:17:44]} {[%emt 00:14:48]} Nc7 {[%clk
01:32:13]} {[%emt 00:01:33]} 14. a4 {[%clk 01:17:38]} {[%emt 00:00:45]} b6
{[%clk 01:29:05]} {[%emt 00:03:27]} 15. Rab1 {[%clk 01:10:29]} {[%emt
00:07:42]} Qd7 {[%clk 01:01:40]} {[%emt 00:27:54]} 16. h3 {[%clk 01:06:08]}
{[%emt 00:04:49]} Nxe4 {[%clk 00:58:18]} {[%emt 00:05:18]} 17. Ncxe4 {[%clk
01:03:15]} {[%emt 00:02:03]} f5 {[%clk 00:58:42]} {[%emt 00:00:10]} 18. Qc4
{[%clk 00:58:06]} {[%emt 00:05:32]} fxe4 {[%clk 00:58:57]} {[%emt 00:00:19]} 19.
Nxe4 {[%clk 00:58:34]} b5 {[%clk 00:49:25]} {[%emt 00:10:09]} 20. axb5 {[%clk
00:58:10]} {[%emt 00:01:51]} Nxb5 {[%clk 00:49:50]} 21. Ng5 {[%clk 00:51:35]}
{[%emt 00:06:02]} a5 {[%clk 00:41:27]} {[%emt 00:08:54]} 22. Ne6 {[%clk
00:43:12]} {[%emt 00:09:24]} Nc7 {[%clk 00:39:24]} {[%emt 00:02:20]} 23. Nxg7
{[%clk 00:38:50]} {[%emt 00:05:06]} Kxg7 {[%clk 00:38:33]} {[%emt 00:01:37]} 24.
b3 {[%clk 00:34:32]} {[%emt 00:04:19]} Qf7 {[%clk 00:35:47]} {[%emt 00:02:55]}
25. Rbd1 {[%clk 00:31:16]} {[%emt 00:04:26]} Rab8 {[%clk 00:25:48]} {[%emt
00:10:04]} 26. Bd2 {[%clk 00:25:44]} {[%emt 00:06:15]} Nxd5 {[%clk 00:20:51]}
{[%emt 00:05:06]} 27. Rxe8 {[%clk 00:22:18]} {[%emt 00:04:13]} Rxe8 {[%clk
00:20:29]} {[%emt 00:00:30]} 28. Bxa5 {[%clk 00:22:41]} {[%emt 00:00:17]} Nb4
{[%clk 00:18:14]} {[%emt 00:03:18]} 29. Qc3+ {[%clk 00:20:29]} {[%emt
00:02:05]} Qf6 {[%clk 00:12:37]} {[%emt 00:06:02]} 30. Qxf6+ {[%clk 00:18:55]}
{[%emt 00:02:02]} Kxf6 {[%clk 00:13:04]} {[%emt 00:00:13]} 31. Rxd6+ {[%clk
00:19:17]} Ke7 {[%clk 00:10:44]} {[%emt 00:03:19]} 32. Rb6 {[%clk 00:19:25]}
Nd5 {[%clk 00:11:07]} {[%emt 00:00:04]} 33. Rc6 {[%clk 00:19:26]} {[%emt
00:00:23]} Rb8 {[%clk 00:10:11]} {[%emt 00:01:36]} 34. Rxc5 {[%clk 00:15:09]}
{[%emt 00:05:23]} Kd6 {[%clk 00:10:39]} 35. Rc4 {[%clk 00:11:43]} {[%emt
00:04:13]} Rxb3 36. Re4 {[%clk 00:11:34]} Nf6 {[%clk 00:09:22]} {[%emt
00:02:22]} 37. Re2 {[%clk 00:11:54]} Nd5 {[%clk 00:08:41]} {[%emt 00:00:54]} 38.
Bd2 {[%clk 00:11:15]} {[%emt 00:01:15]} Kd7 {[%clk 00:08:25]} {[%emt 00:01:22]}
39. Bg5 {[%clk 00:11:04]} Rb6 {[%clk 00:08:21]} {[%emt 00:00:34]} 40. Re5
{[%clk 00:10:50]} {[%emt 00:01:19]} Kd6 {[%clk 00:08:44]} 41. Re8 {[%clk
00:10:56]} Rb7 {[%clk 00:08:30]} {[%emt 00:00:37]} 42. h4 {[%clk 00:11:12]}
{[%emt 00:00:42]} Rf7 {[%clk 00:08:43]} {[%emt 00:00:09]} 43. f3 {[%clk
00:09:53]} {[%emt 00:02:02]} Nc7 {[%clk 00:07:08]} {[%emt 00:02:13]} 44. Rg8
{[%clk 00:09:06]} {[%emt 00:00:35]} Ne6 {[%clk 00:07:04]} {[%emt 00:01:07]} 45.
Bh6 {[%clk 00:09:17]} Ke5 {[%clk 00:06:29]} {[%emt 00:01:05]} 46. Kf2 {[%clk
00:06:44]} {[%emt 00:02:47]} Kf6 {[%clk 00:06:31]} {[%emt 00:00:45]} 47. Kg3
{[%clk 00:05:09]} {[%emt 00:02:11]} Rb7 {[%clk 00:06:41]} {[%emt 00:00:13]} 48.
Rh8 {[%clk 00:04:17]} {[%emt 00:01:08]} Rd7 {[%clk 00:06:37]} {[%emt 00:00:41]}
49. Kg4 {[%clk 00:04:02]} {[%emt 00:00:40]} Rd4+ {[%clk 00:06:33]} {[%emt
00:00:32]} 50. Kh3 {[%clk 00:04:22]} {[%emt 00:00:16]} Rd7 {[%clk 00:06:59]} 51.
g3 {[%clk 00:03:14]} {[%emt 00:02:09]} Rb7 {[%clk 00:07:21]} 52. g4 {[%clk
00:02:28]} {[%emt 00:00:51]} Rd7 {[%clk 00:07:26]} {[%emt 00:00:31]} 53. Kg3
{[%clk 00:02:50]} Rb7 {[%clk 00:07:42]} {[%emt 00:00:21]} 54. Rg8 {[%clk
00:02:40]} {[%emt 00:00:35]} Rd7 {[%clk 00:07:45]} {[%emt 00:00:33]} 55. Rb8
{[%clk 00:03:03]} {[%emt 00:00:32]} Rc7 {[%clk 00:07:42]} {[%emt 00:00:45]} 56.
Bd2 {[%clk 00:02:35]} {[%emt 00:00:14]} Rc2 {[%clk 00:06:46]} {[%emt 00:01:24]}
57. Bb4 {[%clk 00:02:09]} {[%emt 00:01:19]} Kf7 {[%clk 00:05:57]} {[%emt
00:01:05]} 58. Bd6 {[%clk 00:02:22]} {[%emt 00:00:11]} h5 {[%clk 00:03:26]}
{[%emt 00:03:10]} 59. Rb7+ {[%clk 00:02:40]} {[%emt 00:00:08]} Kg8 {[%clk
00:03:48]} {[%emt 00:00:44]} 60. gxh5 {[%clk 00:02:55]} gxh5 {[%clk 00:04:15]}
61. Rb5 {[%clk 00:02:50]} {[%emt 00:00:07]} Rc6 {[%clk 00:04:15]} {[%emt
00:00:32]} 62. Bb4 {[%clk 00:02:02]} {[%emt 00:01:20]} Rc4 {[%clk 00:04:31]}
{[%emt 00:00:42]} 63. Bd6 {[%clk 00:01:08]} {[%emt 00:01:03]} Rc6 {[%clk
00:03:58]} {[%emt 00:01:17]} 64. Rd5 {[%clk 00:01:20]} Kf7 {[%clk 00:04:13]}
{[%emt 00:00:18]} 65. Bb4 {[%clk 00:00:54]} {[%emt 00:00:50]} Rc4 {[%clk
00:04:35]} {[%emt 00:00:08]} 66. Ba3 {[%clk 00:00:49]} {[%emt 00:01:06]} Kg6
{[%clk 00:04:51]} 67. Re5 {[%clk 00:01:02]} Rc6 {[%clk 00:04:45]} {[%emt
00:00:37]} 68. Bb2 {[%clk 00:01:19]} {[%emt 00:00:16]} Rb6 {[%clk 00:05:02]}
{[%emt 00:00:10]} 69. Bc1 {[%clk 00:01:27]} {[%emt 00:00:46]} Rc6 {[%clk
00:05:26]} 70. Be3 {[%clk 00:01:52]} {[%emt 00:00:08]} Rd6 {[%clk 00:05:29]}
{[%emt 00:00:15]} 71. f4 {[%clk 00:01:01]} {[%emt 00:01:10]} Ng7 {[%clk
00:05:50]} {[%emt 00:00:19]} 72. Rg5+ {[%clk 00:01:05]} {[%emt 00:00:16]} Kf6
{[%clk 00:06:20]} 73. Kf2 {[%clk 00:01:00]} {[%emt 00:00:35]} Rd7 {[%clk
00:05:49]} {[%emt 00:01:02]} 74. Bc1 {[%clk 00:01:08]} {[%emt 00:00:20]} Rb7
{[%clk 00:05:51]} {[%emt 00:00:43]} 75. Bd2 {[%clk 00:01:25]} {[%emt 00:00:07]}
Rc7 {[%clk 00:05:32]} {[%emt 00:01:08]} 76. Ba5 {[%clk 00:01:41]} Rc4 {[%clk
00:04:54]} {[%emt 00:01:05]} 77. Bd8+ {[%clk 00:01:06]} {[%emt 00:00:54]} Kf7
{[%clk 00:05:23]} {[%emt 00:00:07]} 78. Ke3 {[%clk 00:00:46]} {[%emt 00:01:06]}
Ra4 {[%clk 00:05:03]} {[%emt 00:00:42]} 79. Rb5 {[%clk 00:00:41]} {[%emt
00:01:14]} Kg6 {[%clk 00:04:05]} {[%emt 00:00:50]} 80. Rg5+ {[%clk 00:00:53]}
{[%emt 00:00:06]} Kf7 {[%clk 00:04:33]} {[%emt 00:00:19]} 81. Rb5 {[%clk
00:01:22]} Kg6 {[%clk 00:05:02]} 82. Rb6+ {[%clk 00:01:28]} {[%emt 00:00:11]}
Kf7 {[%clk 00:05:13]} {[%emt 00:00:29]} 83. Bg5 {[%clk 00:01:56]} Nf5+ {[%clk
00:04:47]} {[%emt 00:00:44]} 84. Kf3 {[%clk 00:02:24]} {[%emt 00:00:16]} Kg7
{[%clk 00:03:35]} {[%emt 00:02:19]} 85. Rb7+ {[%clk 00:02:12]} Kg6 {[%clk
00:03:58]} 86. Rb6+ {[%clk 00:02:40]} {[%emt 00:00:17]} Kg7 {[%clk 00:04:28]}
87. Rf6 {[%clk 00:02:00]} {[%emt 00:01:21]} Ra5 {[%clk 00:04:42]} {[%emt
00:00:06]} 1/2-1/2

[Event "Irwin/Haring/Denker/Barber/Rockefeller Championships 2021"]
[Site "Crowne Plaza Cherry Hill, United States"]
[Date "????.??.??"]
[Round "4.8"]
[White "Deng, Henry"]
[Black "Su, Jasmine Zhixin"]
[Result "1-0"]
[TimeControl "G/90;+30"]
[WhiteElo "1993"]
[BlackElo "1944"]

1. e4 {[%clk 01:30:59]} c5 {[%clk 01:30:56]} 2. Nc3 {[%clk 01:31:26]} Nc6
{[%clk 01:31:21]} 3. Nge2 {[%clk 01:31:52]} Nf6 {[%clk 01:30:12]} {[%emt
00:02:01]} 4. d4 {[%clk 01:31:57]} cxd4 {[%clk 01:30:11]} {[%emt 00:00:31]} 5.
Nxd4 {[%clk 01:32:23]} d6 {[%clk 01:30:04]} {[%emt 00:00:33]} 6. Bg5 {[%clk
01:32:43]} {[%emt 00:00:16]} e6 {[%clk 01:29:58]} {[%emt 00:00:38]} 7. Bb5
{[%clk 01:32:59]} Bd7 {[%clk 01:29:30]} {[%emt 00:01:11]} 8. Qd3 {[%clk
01:32:43]} {[%emt 00:00:47]} Be7 {[%clk 01:27:20]} {[%emt 00:02:29]} 9. O-O-O
{[%clk 01:31:39]} {[%emt 00:02:17]} a6 {[%clk 01:25:11]} {[%emt 00:01:50]} 10.
Bxc6 {[%clk 01:31:34]} {[%emt 00:01:08]} bxc6 {[%clk 01:24:11]} {[%emt
00:01:10]} 11. Nb3 {[%clk 01:31:27]} {[%emt 00:01:10]} Qc7 {[%clk 01:22:23]}
{[%emt 00:01:51]} 12. f4 {[%clk 01:29:08]} {[%emt 00:02:56]} a5 {[%clk
01:19:25]} {[%emt 00:03:41]} 13. e5 {[%clk 01:25:59]} {[%emt 00:03:22]} Nd5
{[%clk 01:14:24]} {[%emt 00:05:21]} 14. Bxe7 {[%clk 01:22:52]} {[%emt
00:03:22]} Kxe7 {[%clk 01:14:32]} {[%emt 00:01:03]} 15. Qd4 {[%clk 01:20:26]}
{[%emt 00:02:16]} Rhd8 {[%clk 01:09:13]} {[%emt 00:05:48]} 16. Ne4 {[%clk
01:16:17]} {[%emt 00:04:55]} Qb6 {[%clk 01:04:45]} {[%emt 00:04:57]} 17. Qxb6
{[%clk 01:13:48]} {[%emt 00:03:16]} Nxb6 {[%clk 01:05:09]} 18. Nxd6 {[%clk
01:12:07]} {[%emt 00:01:54]} Nd5 {[%clk 01:04:54]} {[%emt 00:00:36]} 19. a3
{[%clk 01:09:06]} {[%emt 00:03:40]} f5 {[%clk 01:01:54]} {[%emt 00:04:43]} 20.
g3 {[%clk 01:06:57]} {[%emt 00:01:41]} a4 {[%clk 00:56:43]} {[%emt 00:05:39]}
21. Nc5 {[%clk 01:06:24]} {[%emt 00:01:57]} Be8 {[%clk 00:56:18]} 22. Nxe8
{[%clk 00:59:20]} {[%emt 00:08:03]} Rxe8 {[%clk 00:56:05]} 23. c4 {[%clk
00:57:05]} {[%emt 00:02:54]} Nb6 {[%clk 00:55:23]} {[%emt 00:01:14]} 24. Rd6
{[%clk 00:56:01]} {[%emt 00:01:39]} Kf7 {[%clk 00:51:33]} {[%emt 00:04:06]} 25.
Rxc6 {[%clk 00:55:11]} {[%emt 00:01:34]} Nxc4 {[%clk 00:51:32]} {[%emt
00:00:28]} 26. Rd1 {[%clk 00:52:46]} {[%emt 00:02:35]} Ra7 {[%clk 00:44:41]}
{[%emt 00:07:20]} 27. Nxe6 {[%clk 00:49:34]} {[%emt 00:04:17]} Na5 {[%clk
00:43:00]} {[%emt 00:01:32]} 28. Rc7+ {[%clk 00:44:48]} {[%emt 00:05:23]} Rxc7+
{[%clk 00:41:51]} {[%emt 00:02:19]} 29. Nxc7 {[%clk 00:45:10]} Rc8 {[%clk
00:39:58]} {[%emt 00:02:08]} 30. Rd7+ {[%clk 00:43:56]} {[%emt 00:01:34]} Kf8
{[%clk 00:39:52]} {[%emt 00:00:24]} 31. Kd1 {[%clk 00:42:53]} {[%emt 00:02:22]}
Nc4 {[%clk 00:38:02]} {[%emt 00:01:42]} 32. e6 {[%clk 00:42:40]} {[%emt
00:00:57]} Rxc7 {[%clk 00:36:53]} {[%emt 00:01:13]} 33. Rxc7 {[%clk 00:43:00]}
{[%emt 00:00:42]} Ne3+ {[%clk 00:37:12]} {[%emt 00:00:33]} 34. Ke2 {[%clk
00:43:20]} Nd5 {[%clk 00:37:32]} 35. Rf7+ {[%clk 00:43:18]} Kg8 {[%clk
00:37:47]} {[%emt 00:00:13]} 36. Rd7 {[%clk 00:43:41]} {[%emt 00:00:37]} Nf6
{[%clk 00:38:01]} 37. Rd8+ {[%clk 00:44:06]} Ne8 {[%clk 00:38:19]} {[%emt
00:00:24]} 38. Rxe8# {[%clk 00:44:22]} 1-0

[Event "Irwin/Haring/Denker/Barber/Rockefeller Championships 2021"]
[Site "Crowne Plaza Cherry Hill, United States"]
[Date "????.??.??"]
[Round "4.9"]
[White "Shlyakhtenko, Robert"]
[Black "Amburgy, Ryan"]
[Result "0-1"]
[TimeControl "G/90;+30"]
[WhiteTitle "FM"]
[WhiteElo "2469"]
[BlackElo "2221"]

1. Nf3 {[%clk 01:30:52]} d5 {[%clk 01:30:54]} 2. e3 {[%clk 01:31:15]} {[%emt
00:00:29]} Nf6 {[%clk 01:31:18]} 3. c4 {[%clk 01:31:40]} e6 {[%clk 01:31:41]} 4.
Nc3 {[%clk 01:31:36]} {[%emt 00:00:23]} a6 {[%clk 01:31:46]} {[%emt 00:00:33]}
5. b3 {[%clk 01:31:26]} {[%emt 00:00:32]} c5 {[%clk 01:31:36]} {[%emt
00:01:16]} 6. cxd5 {[%clk 01:29:04]} {[%emt 00:02:38]} exd5 {[%clk 01:31:46]} 7.
d4 {[%clk 01:29:09]} {[%emt 00:00:22]} Nc6 {[%clk 01:31:44]} {[%emt 00:00:31]}
8. Bb2 {[%clk 01:29:20]} {[%emt 00:00:26]} Bg4 {[%clk 01:30:09]} {[%emt
00:01:58]} 9. Be2 {[%clk 01:25:20]} {[%emt 00:04:35]} Bxf3 {[%clk 01:20:19]}
{[%emt 00:10:26]} 10. Bxf3 {[%clk 01:25:43]} {[%emt 00:00:07]} cxd4 {[%clk
01:20:43]} 11. exd4 {[%clk 01:26:06]} {[%emt 00:00:05]} Bb4 {[%clk 01:20:11]}
{[%emt 00:01:25]} 12. O-O {[%clk 01:26:24]} O-O {[%clk 01:20:33]} {[%emt
00:00:06]} 13. Na4 {[%clk 01:25:58]} {[%emt 00:00:44]} Re8 {[%clk 01:16:59]}
{[%emt 00:04:10]} 14. Nc5 {[%clk 01:23:05]} {[%emt 00:03:53]} Ne4 {[%clk
01:08:15]} {[%emt 00:08:38]} 15. a3 {[%clk 01:14:47]} {[%emt 00:08:49]} Bxc5
{[%clk 01:03:08]} {[%emt 00:05:56]} 16. dxc5 {[%clk 01:14:13]} {[%emt
00:00:47]} Qg5 {[%clk 01:03:23]} {[%emt 00:00:45]} 17. Bxe4 {[%clk 01:04:06]}
{[%emt 00:10:12]} Rxe4 {[%clk 00:57:03]} {[%emt 00:06:59]} 18. Qd3 {[%clk
01:03:04]} {[%emt 00:01:40]} Rae8 {[%clk 00:56:05]} {[%emt 00:01:25]} 19. Rad1
{[%clk 01:03:24]} d4 {[%clk 00:56:09]} {[%emt 00:00:58]} 20. b4 {[%clk
01:02:45]} {[%emt 00:00:42]} Qd5 {[%clk 00:53:09]} {[%emt 00:03:17]} 21. Qg3
{[%clk 00:55:54]} {[%emt 00:07:59]} h5 {[%clk 00:50:26]} {[%emt 00:02:29]} 22.
f3 {[%clk 00:48:19]} {[%emt 00:08:10]} Re2 {[%clk 00:47:25]} {[%emt 00:03:28]}
23. Bc1 {[%clk 00:48:05]} {[%emt 00:00:45]} d3 {[%clk 00:38:22]} {[%emt
00:09:55]} 24. Qd6 {[%clk 00:46:14]} {[%emt 00:01:58]} Qa2 {[%clk 00:37:52]}
{[%emt 00:00:58]} 25. Bf4 {[%clk 00:44:39]} {[%emt 00:02:12]} Rxg2+ {[%clk
00:38:01]} {[%emt 00:00:18]} 26. Kh1 {[%clk 00:45:02]} {[%emt 00:00:44]} Rg6
{[%clk 00:38:25]} 27. Rd2 {[%clk 00:45:16]} Qxa3 {[%clk 00:32:35]} {[%emt
00:06:02]} 28. Qxd3 {[%clk 00:45:28]} {[%emt 00:00:18]} Qxb4 {[%clk 00:32:43]}
{[%emt 00:00:46]} 29. Bd6 {[%clk 00:45:36]} Qh4 {[%clk 00:26:34]} {[%emt
00:06:35]} 30. Qb1 {[%clk 00:40:45]} {[%emt 00:05:42]} Qh3 {[%clk 00:26:22]}
{[%emt 00:00:21]} 31. Rdf2 {[%clk 00:39:16]} {[%emt 00:02:15]} b5 {[%clk
00:23:27]} {[%emt 00:03:09]} 32. Qa2 {[%clk 00:37:38]} {[%emt 00:02:08]} Qh4
{[%clk 00:21:34]} {[%emt 00:02:42]} 33. f4 {[%clk 00:30:29]} {[%emt 00:07:20]}
a5 {[%clk 00:20:30]} {[%emt 00:02:05]} 34. Re2 {[%clk 00:29:36]} {[%emt
00:00:54]} Rxe2 {[%clk 00:19:11]} {[%emt 00:02:20]} 35. Qxe2 {[%clk 00:29:44]}
Nd4 {[%clk 00:19:29]} {[%emt 00:00:15]} 36. Qe8+ {[%clk 00:25:51]} {[%emt
00:04:40]} Kh7 {[%clk 00:19:58]} 37. Qd7 {[%clk 00:21:43]} {[%emt 00:04:09]}
Ne2 {[%clk 00:19:53]} {[%emt 00:00:39]} 38. Rd1 {[%clk 00:20:11]} {[%emt
00:01:57]} 0-1

[Event "Irwin/Haring/Denker/Barber/Rockefeller Championships 2021"]
[Site "Crowne Plaza Cherry Hill, United States"]
[Date "????.??.??"]
[Round "4.10"]
[White "Dommalapati, Aasa"]
[Black "Prasanna, Gracy Franco"]
[Result "1/2-1/2"]
[TimeControl "G/90;+30"]
[WhiteTitle "WCM"]
[WhiteElo "1990"]
[BlackElo "2117"]

1. e4 {[%clk 01:30:57]} {[%emt 00:00:38]} e5 {[%clk 01:30:57]} 2. Nf3 {[%clk
01:31:19]} Nc6 {[%clk 01:31:23]} {[%emt 00:00:19]} 3. d4 {[%clk 01:31:42]} exd4
{[%clk 01:31:49]} 4. Nxd4 {[%clk 01:32:06]} Bc5 {[%clk 01:32:12]} 5. Nb3 {[%clk
01:32:28]} Bb6 {[%clk 01:32:36]} {[%emt 00:00:04]} 6. Nc3 {[%clk 01:32:53]}
{[%emt 00:00:06]} Nf6 {[%clk 01:32:41]} {[%emt 00:00:22]} 7. Qe2 {[%clk
01:32:33]} {[%emt 00:01:26]} d6 {[%clk 01:29:26]} {[%emt 00:03:17]} 8. Bg5
{[%clk 01:32:43]} {[%emt 00:00:37]} h6 {[%clk 01:29:22]} {[%emt 00:00:06]} 9.
Bh4 {[%clk 01:32:01]} {[%emt 00:01:12]} g5 {[%clk 01:28:37]} {[%emt 00:01:16]}
10. Bg3 {[%clk 01:32:20]} {[%emt 00:00:27]} Qe7 {[%clk 01:27:54]} {[%emt
00:01:00]} 11. O-O-O {[%clk 01:31:26]} {[%emt 00:01:50]} Be6 {[%clk 01:26:00]}
{[%emt 00:02:01]} 12. h4 {[%clk 01:22:13]} {[%emt 00:09:37]} O-O-O {[%clk
01:20:53]} {[%emt 00:05:35]} 13. Kb1 {[%clk 01:17:03]} {[%emt 00:05:43]} Kb8
{[%clk 01:12:59]} {[%emt 00:09:04]} 14. Nd5 {[%clk 00:56:15]} {[%emt 00:20:48]}
Bxd5 {[%clk 01:12:26]} {[%emt 00:00:50]} 15. exd5 {[%clk 00:56:21]} {[%emt
00:00:44]} Qxe2 {[%clk 01:10:56]} {[%emt 00:02:12]} 16. Bxe2 {[%clk 00:56:48]}
Ne7 {[%clk 01:09:48]} {[%emt 00:01:06]} 17. c4 {[%clk 00:43:04]} {[%emt
00:14:46]} Nf5 {[%clk 01:01:38]} {[%emt 00:08:18]} 18. Bh2 {[%clk 00:33:52]}
{[%emt 00:09:43]} Rhe8 {[%clk 00:55:01]} {[%emt 00:07:02]} 19. hxg5 {[%clk
00:27:48]} {[%emt 00:06:32]} Rxe2 {[%clk 00:47:33]} {[%emt 00:08:26]} 20. gxf6
{[%clk 00:28:03]} {[%emt 00:00:05]} Rxf2 {[%clk 00:39:27]} {[%emt 00:08:20]} 21.
Rdf1 {[%clk 00:18:57]} {[%emt 00:10:03]} Rxf1+ {[%clk 00:31:47]} {[%emt
00:07:40]} 22. Rxf1 {[%clk 00:19:25]} {[%emt 00:00:25]} Ne3 {[%clk 00:25:49]}
{[%emt 00:06:06]} 23. Rf4 {[%clk 00:18:33]} {[%emt 00:01:22]} Rg8 {[%clk
00:21:30]} {[%emt 00:05:19]} 24. Re4 {[%clk 00:17:28]} {[%emt 00:01:13]} Ng4
{[%clk 00:20:35]} {[%emt 00:01:28]} 25. Bf4 {[%clk 00:16:08]} {[%emt 00:01:38]}
a5 {[%clk 00:16:44]} {[%emt 00:04:52]} 26. Re7 {[%clk 00:14:21]} {[%emt
00:01:46]} Nxf6 {[%clk 00:15:24]} {[%emt 00:02:35]} 27. Rxf7 {[%clk 00:13:16]}
{[%emt 00:00:58]} Ne4 {[%clk 00:14:04]} {[%emt 00:01:48]} 28. Re7 {[%clk
00:12:02]} {[%emt 00:01:39]} Nf2 {[%clk 00:10:56]} {[%emt 00:03:47]} 29. c5
{[%clk 00:08:08]} {[%emt 00:04:14]} dxc5 {[%clk 00:06:31]} {[%emt 00:04:56]} 30.
d6 {[%clk 00:08:29]} {[%emt 00:00:32]} cxd6 {[%clk 00:05:30]} {[%emt 00:01:10]}
31. Bxd6+ {[%clk 00:08:50]} {[%emt 00:00:07]} Kc8 {[%clk 00:03:43]} {[%emt
00:02:17]} 32. Nxc5 {[%clk 00:09:04]} {[%emt 00:00:37]} Bxc5 {[%clk 00:02:42]}
{[%emt 00:01:37]} 33. Bxc5 {[%clk 00:09:31]} Nd3 {[%clk 00:02:34]} {[%emt
00:00:08]} 34. Bb6 {[%clk 00:07:03]} {[%emt 00:03:43]} Rxg2 {[%clk 00:01:37]}
{[%emt 00:01:06]} 35. Re8+ {[%clk 00:03:01]} {[%emt 00:04:40]} Kd7 {[%clk
00:01:59]} 36. Rd8+ {[%clk 00:03:23]} Kc6 {[%clk 00:02:23]} 37. Rxd3 {[%clk
00:03:01]} {[%emt 00:00:52]} Kxb6 {[%clk 00:02:46]} {[%emt 00:00:25]} 38. Rd6+
{[%clk 00:03:27]} Kc5 {[%clk 00:02:39]} {[%emt 00:00:17]} 39. Rxh6 {[%clk
00:03:47]} {[%emt 00:00:26]} b5 {[%clk 00:02:02]} {[%emt 00:00:51]} 40. a3
{[%clk 00:02:47]} {[%emt 00:01:53]} Kc4 {[%clk 00:01:04]} {[%emt 00:01:06]} 41.
Rh4+ {[%clk 00:02:19]} {[%emt 00:01:01]} Kc5 {[%clk 00:01:06]} {[%emt
00:00:32]} 42. Rh5+ {[%clk 00:02:40]} {[%emt 00:00:04]} 1/2-1/2